000 01473nam0a22002771 4500
001 rc\2194413
005 20110829164428.7
035 _a(NLR Aleph) 006693086
090 _a5166011
_c5166011
100 _a20110829d1979 |||y0rusy50 ca
101 0 _arus
102 _aRU
105 _ay j |||||
200 1 _aМетодические рекомендации по составлению перечней учебно-производственных работ при подготовке и повышении квалификации рабочих непосредственно на производстве
_fМ-во электротехн. пром-сти, Упр. орг. труда, заработной платы и рабочих кадров, Центр. учеб.-метод. каб.
_g[Сост. Фиганов И.С.]
210 _aМосква
_cБ. и.
_d1979
215 _a18 с.
_d19
320 _aБиблиогр.: с. 17 (6 назв.)
606 _aРезание металлов
_xПроизводственно-техническое обучение
_2psbo
702 1 _aФиганов
_bИ. С.
_gИван Семенович
_4220
712 0 1 _aСССР
_bМ-во электротехнической промышленности
_bЦентральный учеб.-метод. кабинет
801 0 _aRU
_bNLR
_gpsbo
801 1 _aRU
_bELAR
_2rusmarc
852 _aNLR
_j80-4/3997
899 _aRuMoRGB
_jM 79-18/2572
942 _cBOOK
980 _aNB